| 000 | 00511nam a2200193 a 4500 | ||
|---|---|---|---|
| 001 | 2982 | ||
| 005 | 20140414132016.0 | ||
| 008 | 051130s19uu xx 00 eng d | ||
| 020 | _a0-590-03426-X | ||
| 050 |
_aTR _bC93 1966H |
||
| 100 | _aRey, H. A. | ||
| 245 |
_aCurious George goes to the hospital / _cby H. A. Rey. |
||
| 260 |
_aNew York : _bScholastic, _c1966. |
||
| 300 | _a1 v. p. ; cm. | ||
| 440 | _aCurious George | ||
| 650 |
_aHospital _xFiction. |
||
| 650 | _aChildren stories. | ||
| 999 |
_c113379 _d113379 |
||